Women's rights in Muslim family law in Pakistan: (Record no. 269)

MARC details
000 -LEADER
fixed length control field 006380000a22001690004500
005 - DATE AND TIME OF LATEST TRANSACTION
control field 20240527104342.0
008 - FIXED-LENGTH DATA ELEMENTS--GENERAL INFORMATION
fixed length control field 230817t ||||| |||| 00| 0 eng d
082 ## - DEWEY DECIMAL CLASSIFICATION NUMBER
Classification number 305.42
Item number WOM
942 ## - ADDED ENTRY ELEMENTS (KOHA)
Item Type Reports
245 ## - TITLE STATEMENT
Title Women's rights in Muslim family law in Pakistan:
Sub Title 45 years of recommendations vs. the FSC Judgement (January 2000)
260 ## - PUBLICATION, DISTRIBUTION, ETC. (IMPRINT)
Place of Publication Lahore:
Name of Publisher Shirkat Gah,
Date of Copyright 2000
300 ## - PHYSICAL DESCRIPTION
Extent 64 p.
440 ## - SERIES STATEMENT/ADDED ENTRY--TITLE
Title Special bulletin
856 ## - ELECTRONIC LOCATION AND ACCESS
Uniform Resource Identifier <a href="https://shirkatgah.org/shirkat/wp-content/uploads/2017/01/Womens-Rights-in-Muslim-Family-Law-in-Pakistan-Special-Bulletin-2000.pdf">https://shirkatgah.org/shirkat/wp-content/uploads/2017/01/Womens-Rights-in-Muslim-Family-Law-in-Pakistan-Special-Bulletin-2000.pdf</a>
650 ## - SUBJECT ADDED ENTRY--TOPICAL TERM
Topical Term WOMEN RIGHTS-Pakistan
650 ## - SUBJECT ADDED ENTRY--TOPICAL TERM
Topical Term Muslim family law-Pakistan
Holdings
Withdrawn status Lost status Source of classification or shelving scheme Damaged status Not for loan Permanent location Current location Date acquired Total Checkouts Full call number Barcode Date last seen Price effective from Koha item type
    Dewey Decimal Classification     Resource center, Muslim Women's Research And Action Forum Resource center, Muslim Women's Research And Action Forum 2023-08-17   305.42 WOM RAF4030 2023-08-17 2023-08-17 Books

Copyright © 2023 Muslim Women's Research and Action Forum (MWRAF), No 27/3, Anderson Road, Kalubowila, Dehiwela. Funded by The Asia Fundation